[Event "Linares 26th"]
[Site "Linares"]
[Date "2009.02.20"]
[Round "2"]
[White "Anand, Viswanathan"]
[Black "Aronian, Levon"]
[Result "0-1"]
[WhiteElo "2791"]
[BlackElo "2750"]
[Annotator "Krasenkow,M"]
[PlyCount "106"]
[EventDate "2009.02.19"]
[EventType "tourn"]
[EventRounds "14"]
[EventCountry "ESP"]
[EventCategory "21"]
[SourceTitle "CBM 129"]
[Source "ChessBase"]
[SourceDate "2009.03.25"]
[SourceVersion "1"]
[SourceVersionDate "2009.03.25"]
[SourceQuality "1"]

1. d4 d5 2. c4 c6 3. Nf3 Nf6 4. Nc3 e6 5. e3 Nbd7 6. Bd3 dxc4 7. Bxc4 b5 8. Bd3
Bd6 9. O-O O-O 10. Qc2 Bb7 11. a3 a6 {A well-known theoretical position (see e.
g. CBM 124, annotations to Svidler - Karjakin), in which the World Champion
applies an interesting novelty:} 12. Ng5 $5 $146 {[%mdl 520] GM Vadim
Zviagintsev played this move against me in a similar position. It had also
been played on move 11 (instead of 11.a3) several times.} (12. b4 {is common
and, in my opinion, good enough for some edge.}) 12... Bxh2+ 13. Kxh2 Ng4+ 14.
Kg1 Qxg5 15. f3 Ngf6 16. e4 {[%csl Gd4,Ge4] White has sacrificed a pawn but
obtained a bishop pair and a strong pawn centre. It is curious that the
sacrifice of the h2 pawn is becoming quite popular in the Meran system - see e.
g. Kramnik-Shirov in CBM 127.} Qh4 17. Be3 (17. Qf2 $5 {was played by
Zviagintsev in the above-mentioned game (in a different position) but here it
is not so worthwhile due to} Qxf2+ 18. Kxf2 e5 ({or} 18... c5) 19. Be3 exd4 20.
Bxd4 c5) 17... e5 18. Ne2 Nh5 {Here is a game played at the Aeroflot Open next
day:} (18... Rad8 19. Qd2 h6 20. Bf2 Qg5 21. Qxg5 hxg5 22. Rfd1 exd4 23. Nxd4
c5 (23... Ne5 $5) (23... g6 $5) 24. Nf5 g6 25. Nd6 Bc6 26. Bf1 c4 27. Be3 g4
28. Bh6 gxf3 29. gxf3 Ne5 30. Be2 Nh5 31. Kf2 Rd7 32. Bxf8 Kxf8 33. Nc8 Nf4 34.
Rxd7 Bxd7 35. Nb6 Bc6 36. Ke3 g5 37. Rd1 f6 38. Rd6 Kf7 39. Bf1 $14 {1/2
Gajewski,G (2581)-Salem,A (2473)/Moscow RUS 2009/The Week in Chess 746 (69)})
19. Qd2 {[%cal Re3g5]} h6 20. Rfd1 Rae8 $6 {Starting a dubious plan of
kingside counterplay with insufficient forces.} (20... Ng3 {M.Leskiv} 21. b4 $5
) (20... a5 $5) 21. Bc2 Re6 22. Bf2 Qe7 (22... Qg5 23. Qxg5 hxg5 24. dxe5 Nxe5
25. Bb3 Rg6 26. Bd4 g4 $5 27. Kf2 $1 $14 {[%csl Rg6]}) 23. g4 $1 {Very bold.} (
23. dxe5 Nxe5 24. Nd4 Rg6 25. Nf5 $44 {was simpler but less energetic.}) 23...
Rg6 24. Kf1 Nhf6 25. Ng3 Nxg4 $5 {Logical, even if this piece sacrifice is not
quite correct. Otherwise, after, say,} (25... Qe6 26. Nf5 {the position of
Black´s pieces is very awkward.}) 26. fxg4 Qh4 27. Nf5 Qxg4 (27... Qh3+ 28. Ke1
Rxg4 29. Qe3 Qh2 (29... Qg2 30. Qe2 {[%cal Rf5e3]}) 30. Ke2 exd4 31. Qxd4 Ne5
32. Rh1 Qf4 33. Qe3 $16) 28. Qc3 $1 (28. Ne7+ $143 Kh7 29. Nxg6 fxg6 $132 {
[%cal Gf8f2]}) 28... Re8 29. Qg3 Qh5 30. Qh4 Qf3 31. Rd3 Qg2+ 32. Ke2 exd4 (
32... Rg4 33. Rg3 $1 $18) 33. Rg3 $4 {[%mdl 8192] A terrible blunder.} (33.
Ne7+ {was now quite appropriate, e.g.} Rxe7 (33... Kh7 34. Rg1 Qxg1 35. Bxg1
Rxg1 36. Rg3 Rxg3 37. Qxg3 Rxe7 38. Qd6 $18) 34. Qxe7 Rf6 (34... Qg4+ 35. Rf3
Rf6 $2 36. Qd8+ $1 Nf8 37. Qxf6 gxf6 38. Rg1 $18) 35. Rf1 Qg4+ 36. Ke1 c5 37.
Qd8+ Kh7 (37... Nf8 $2 38. Qxf6 gxf6 39. Rg3) 38. e5 Rg6 39. Rg3 (39. Qh4 $143
Qe6) 39... Qf4 $1 40. Qxd7 Qc1+ 41. Bd1 Rxg3 42. Qxb7 Re3+ 43. Bxe3 Qxe3+ 44.
Be2 Qc1+ 45. Kf2 Qe3+ 46. Kg2 Qxe2+ 47. Rf2 Qg4+ 48. Kh1 Qh5+ 49. Kg1 Qg5+ 50.
Qg2 {Uff!} Qxe5 51. Rxf7 {and this unusual position should be favorable for
White}) (33. Rxd4 $143 Ne5 34. Rg1 Qf3+ 35. Kf1 c5 $132) 33... Rxg3 34. Qxg3 (
34. Nxg3 Ne5 35. Qh1 Qxh1 36. Rxh1 c5 {is also poor.}) 34... Rxe4+ 35. Kd2 Rg4
$1 {White probably overlooked this move.} (35... Qxg3 $143 36. Bxg3 Re6 37.
Nxd4 $44) 36. Qxg2 Rxg2 37. Ke2 c5 $19 {5(!) pawns for a piece are more than
enough. The rest is clear.} 38. Rg1 Ne5 39. Rxg2 Bxg2 40. Kd2 h5 41. b4 $6 Nc4+
42. Kc1 Nxa3 43. Bd1 cxb4 {7-0 for the moment!} 44. Bxh5 g6 45. Ne7+ Kf8 46.
Nxg6+ fxg6 47. Bxg6 Ke7 48. Bxd4 {White has eliminated most of the enemies but
the remaining ones easily bring Black the victory.} Kd6 49. Bd3 Nc4 50. Bg7 a5
51. Be2 Be4 52. Bf6 a4 53. Bg7 Kd5 {[%cal Yb4b3,Ya4a3]} 0-1

[Event "Wch Blitz 5th"]
[Site "Moscow"]
[Date "2010.11.16"]
[Round "3"]
[White "Kramnik, Vladimir"]
[Black "Carlsen, Magnus"]
[Result "0-1"]
[WhiteElo "2791"]
[BlackElo "2802"]
[PlyCount "117"]
[EventDate "2010.11.16"]
[EventType "tourn (blitz)"]
[EventRounds "38"]
[EventCountry "RUS"]
[EventCategory "20"]
[SourceTitle "EXT 2011"]
[Source "ChessBase"]
[SourceDate "2010.11.26"]
[SourceVersion "1"]
[SourceVersionDate "2010.11.26"]
[SourceQuality "1"]

1. Nf3 Nf6 2. c4 e6 3. g3 b6 4. Bg2 Bb7 5. O-O c5 6. Nc3 d6 7. b3 Be7 8. Bb2
O-O 9. e3 Nbd7 10. d4 Ne4 11. Qe2 Nxc3 12. Bxc3 Be4 13. Rfd1 Qc7 14. Ne1 Bxg2
15. Nxg2 cxd4 16. exd4 d5 17. Rac1 Nf6 18. Nf4 Rad8 19. c5 a5 20. Be1 bxc5 21.
dxc5 Ne4 22. Qb5 Ra8 23. c6 Rfb8 24. Qe2 Bd6 25. Nh5 Rb6 26. f3 Nf6 27. Nxf6+
gxf6 28. Qc2 Raa6 29. Qe2 Rxc6 30. Bd2 Rxc1 31. Rxc1 Rc6 32. Rxc6 Qxc6 33. Qd3
a4 34. Kg2 Kg7 35. g4 axb3 36. Qxb3 Qa6 37. Kf2 d4 38. a4 Bxh2 39. Qb5 Qd6 40.
Ke2 Qg3 41. Qc6 Qg2+ 42. Kd3 Bg1 43. a5 Qf1+ 44. Kc2 Qe2 45. Qe4 Qc4+ 46. Kd1
Qb3+ 47. Ke2 Be3 48. Bxe3 dxe3 49. Qxe3 Qb5+ 50. Kf2 Qxa5 51. Qd3 Qe5 52. Kg2
f5 53. gxf5 Qxf5 54. Qd4+ Qf6 55. Qc4 h5 56. Qe2 Qf4 57. Qb2+ Kg6 58. Qc2+ Qf5
59. Qe2 0-1

[Event "Paris GCT Blitz"]
[Site "Paris"]
[Date "2017.06.25"]
[Round "11"]
[White "Karjakin, Sergey"]
[Black "Caruana, Fabiano"]
[Result "0-1"]
[WhiteElo "2781"]
[BlackElo "2808"]
[PlyCount "95"]
[EventDate "2017.06.21"]
[EventType "tourn (blitz)"]
[EventRounds "18"]
[EventCountry "FRA"]
[EventCategory "22"]
[SourceTitle "CBM 179"]
[Source "ChessBase"]
[SourceDate "2017.07.12"]
[SourceVersion "1"]
[SourceVersionDate "2017.07.12"]
[SourceQuality "1"]

1. e4 e6 2. d4 d5 3. Nd2 c5 4. exd5 Qxd5 5. Ngf3 cxd4 6. Bc4 Qd6 7. O-O Nf6 8.
Nb3 Nc6 9. Nbxd4 Nxd4 10. Nxd4 a6 11. Re1 Qc7 12. Bf1 Bd6 13. Nf5 Bxh2+ 14. Kh1
Kf8 15. Qd4 exf5 16. Qxf6 h6 17. Qd4 Bd6 18. Bd2 Be6 19. Bc3 Rh7 20. Rad1 Be7
21. Qe3 h5 22. Qf3 Rc8 23. Bd3 Qc6 24. Qxc6 Rxc6 25. Bxf5 Rh6 26. Be4 Rc7 27.
Be5 Rc5 28. Bd4 Rc7 29. Be3 Rf6 30. Bd4 Rh6 31. b3 b5 32. Be5 Rc8 33. f3 h4 34.
Re2 Rh5 35. Bd4 b4 36. Bb7 Rd8 37. Bxa6 Rhd5 38. Red2 Bg5 39. Bc5+ Rxc5 40.
Rxd8+ Bxd8 41. Rxd8+ Ke7 42. Rd2 Ra5 43. Bd3 Rxa2 44. Re2 Kd6 45. Re4 Kc5 46.
Rxh4 Ra1+ 47. Kh2 Rd1 48. Be4 0-1

[Event "43rd Olympiad 2018"]
[Site "Batumi GEO"]
[Date "2018.09.28"]
[Round "5.1"]
[White "Aronian, L."]
[Black "Mamedyarov, S."]
[Result "0-1"]
[WhiteElo "2780"]
[BlackElo "2820"]
[PlyCount "96"]
[EventDate "2018.09.24"]
[EventType "team"]
[EventRounds "11"]
[EventCountry "GEO"]
[SourceTitle "The Week in Chess 1247"]
[Source "Mark Crowther"]
[SourceDate "2018.10.01"]
[SourceVersion "1"]
[SourceVersionDate "2018.10.01"]
[SourceQuality "2"]
[WhiteTeam "Armenia"]
[BlackTeam "Azerbaijan"]
[WhiteTeamCountry "ARM"]
[BlackTeamCountry "AZE"]

1. e4 e5 2. Nf3 Nc6 3. Bb5 a6 4. Ba4 Nf6 5. O-O Nxe4 6. d4 Be7 7. Re1 b5 8.
Rxe4 d5 9. Nxe5 Nxe5 10. Rxe5 bxa4 11. Qe1 f6 12. Re3 c5 13. Qd1 O-O 14. Nc3
Rb8 15. b3 cxd4 16. Qxd4 Bd6 17. Qxd5+ Kh8 18. Rd3 Qe8 19. Bb2 Be5 20. Nxa4 Rb5
21. Qf3 Bb7 22. Qe3 Be4 23. Rd2 Bxg2 24. Kxg2 Qg6+ 25. Kf1 Bxh2 26. Re1 Rg5 27.
Ke2 Re8 28. Kd1 Rg1 29. Be5 Bxe5 30. Rde2 h5 31. Qd3 Qg2 32. Nb6 Rxe1+ 33. Rxe1
Qxf2 34. Nd5 Rd8 35. c4 Qxa2 36. Qf3 g6 37. Re3 Kg7 38. Qh3 Qf2 39. Rd3 Qg1+
40. Kc2 Qh2+ 41. Qxh2 Bxh2 42. Rh3 Be5 43. Kd3 a5 44. Ke4 Kf7 45. Kf3 Rh8 46.
Kg2 g5 47. Ne3 Ke6 48. Kf1 f5 0-1

[Event "Hofheim MVT"]
[Site "Hofheim"]
[Date "1995.??.??"]
[Round "8"]
[White "Fischer, R."]
[Black "Meier, Wolfgang"]
[Result "0-1"]
[WhiteElo "2780"]
[BlackElo "2140"]
[PlyCount "170"]
[EventDate "1995.??.??"]
[EventType "swiss"]
[EventRounds "11"]
[EventCountry "GER"]
[SourceTitle "GER"]
[Source "ChessBase"]
[SourceDate "1999.07.01"]
[SourceVersion "1"]
[SourceVersionDate "1999.07.01"]
[SourceQuality "1"]

1. c4 f5 2. Nc3 Nf6 3. g3 g6 4. Bg2 Bg7 5. e3 O-O 6. Nge2 d6 7. d4 c6 8. O-O e5
9. b4 Be6 10. d5 Bf7 11. a4 e4 12. Ra3 cxd5 13. Nxd5 Nxd5 14. cxd5 Nd7 15. f3
exf3 16. Bxf3 Ne5 17. Bg2 Qe7 18. Nf4 Rfc8 19. Re1 Rc4 20. Bd2 Rac8 21. Nd3 Qd7
22. Bf1 R4c7 23. Nxe5 dxe5 24. e4 fxe4 25. Be3 a6 26. Bb6 Rc2 27. d6 Bh6 28.
Bc7 Rd2 29. Qb1 Qf5 30. Be2 e3 31. Qxf5 gxf5 32. b5 axb5 33. Bxb5 Be6 34. Rd3
e4 35. Ra3 f4 36. gxf4 Bxf4 37. Raxe3 Bxh2+ 38. Kh1 Bxd6 39. Bxd6 Rxd6 40. Rg3+
Kh8 41. Kg1 Bf5 42. Rg5 Rg6 43. Rxg6 hxg6 44. Kf2 Kg7 45. Ke3 Kf6 46. Re2 Ke5
47. Rb2 Rc3+ 48. Kf2 e3+ 49. Kg3 Be4 50. Be2 Bc6 51. a5 Ra3 52. a6 bxa6 53. Rb6
Bb5 54. Bxb5 axb5 55. Rxb5+ Ke4 56. Rb4+ Kd3 57. Rb6 Ra1 58. Rd6+ Ke4 59. Re6+
Kd4 60. Kf3 Rf1+ 61. Ke2 Rf2+ 62. Ke1 g5 63. Rg6 Rg2 64. Kf1 Rg3 65. Rg8 Kd3
66. Rd8+ Ke4 67. Re8+ Kf3 68. Rf8+ Kg4 69. Rg8 Rh3 70. Ke2 Kh4 71. Rg7 g4 72.
Rh7+ Kg3 73. Rg7 Rh8 74. Rg6 Re8 75. Rg7 Kh3 76. Rh7+ Kg2 77. Rg7 Re4 78. Rg8
g3 79. Rh8 Ra4 80. Rh7 Ra2+ 81. Kd1 Rf2 82. Rg7 Kf3 83. Rf7+ Ke4 84. Re7+ Kd4
85. Rd7+ Kc5 0-1

[Event "Meltwater Tour Final 2021"]
[Site "chess24.com INT"]
[Date "2021.09.25"]
[Round "1.2"]
[White "Duda, J."]
[Black "Carlsen, M."]
[Result "0-1"]
[WhiteElo "2756"]
[BlackElo "2855"]
[PlyCount "82"]
[EventDate "2021.09.25"]
[SourceVersionDate "2018.05.14"]

1. d4 Nf6 2. c4 g6 3. f3 d6 4. e4 e5 5. Ne2 c5 6. d5 h5 7. Nec3 Nbd7 8. Na3 h4
9. Bg5 Be7 10. Be3 a6 11. Qd2 Nh7 12. g3 Ng5 13. Qg2 f5 14. Bd3 f4 15. Bd2 h3
16. Qe2 O-O 17. Rg1 Rf7 18. O-O-O Qf8 19. Rdf1 Qg7 20. Nc2 Nf8 21. Kb1 Nfh7 22.
Ne1 Bd7 23. Bc2 Raf8 24. gxf4 exf4 25. Nd3 Bf6 26. Bxf4 Bxc3 27. Bxd6 Bd4 28.
f4 Bxg1 29. Be5 Nf6 30. fxg5 Ng4 31. Bf6 Bxh2 32. e5 Nxf6 33. exf6 Bd6 34. Nf4
Rxf6 35. gxf6 Rxf6 36. Ne6 Rxf1+ 37. Qxf1 Qh6 38. Qf6 h2 39. Be4 h1=Q+ 40. Bxh1
Qxh1+ 41. Kc2 Qe4+ 0-1

[Event "chess.com Speed 2021"]
[Site "chess.com INT"]
[Date "2021.11.08"]
[Round "1.16"]
[White "Duda, J."]
[Black "Giri, A."]
[Result "0-1"]
[WhiteElo "2756"]
[BlackElo "2774"]
[PlyCount "118"]
[EventDate "2021.11.08"]
[SourceVersionDate "2018.05.14"]

1. d4 d5 2. Nf3 Nf6 3. Bf4 Bf5 4. e3 e6 5. c4 Bxb1 6. Qxb1 Bb4+ 7. Kd1 Bd6 8.
Bg5 Nbd7 9. cxd5 exd5 10. Bd3 h6 11. Bh4 O-O 12. Ke2 c6 13. g4 Re8 14. g5 hxg5
15. Bxg5 Qb6 16. Bf5 Qb5+ 17. Bd3 Qb6 18. Bf5 c5 19. Rd1 Qb5+ 20. Bd3 c4 21.
Bf5 Ne4 22. a4 Qc6 23. Qc2 Nf8 24. Rg1 g6 25. Bxe4 dxe4 26. Nd2 Rac8 27. Nb1
Bxh2 28. Rg2 Ne6 29. Nc3 Nxg5 30. Rxg5 Qf6 31. Rg2 Qf3+ 32. Kf1 Bb8 33. Qe2 Kg7
34. Rg1 Rh8 35. Rd1 Rh2 36. d5 Be5 37. d6 Bxc3 38. bxc3 Rxf2+ 39. Qxf2 Qxd1+
40. Kg2 Qg4+ 41. Qg3 Qe2+ 42. Qf2 Qxf2+ 43. Kxf2 Kf6 44. Rd1 Ke6 45. Kg3 Rd8
46. Rd4 f5 47. Rxc4 Rxd6 48. Rc7 Rc6 49. Rxb7 Rxc3 50. Kf2 Rc2+ 51. Ke1 g5 52.
Rxa7 f4 53. Ra6+ Kf5 54. exf4 gxf4 55. Ra8 e3 56. a5 Ra2 57. a6 Ke4 58. a7 Kf3
59. Kd1 e2+ 0-1

[Event "World Cup ACP"]
[Site "Riga"]
[Date "2013.09.15"]
[Round "3.3"]
[White "Ponomariov, Ruslan"]
[Black "Nepomniachtchi, Ian"]
[Result "0-1"]
[WhiteElo "2756"]
[BlackElo "2717"]
[PlyCount "86"]
[EventDate "2013.09.13"]
[EventType "k.o. (rapid)"]
[EventRounds "4"]
[EventCountry "LAT"]
[SourceTitle "CBM 156 Extra"]
[Source "ChessBase"]
[SourceDate "2013.10.22"]
[SourceVersion "1"]
[SourceVersionDate "2013.10.22"]
[SourceQuality "1"]

1. d4 Nf6 2. c4 g6 3. Bg5 Bg7 4. Nc3 d5 5. e3 c5 6. Nf3 cxd4 7. Nxd4 dxc4 8.
Bxc4 O-O 9. O-O a6 10. Be2 Nbd7 11. Rc1 e5 12. Nb3 h6 13. Bh4 b5 14. Bf3 Rb8
15. Ne4 g5 16. Bg3 Nxe4 17. Bxe4 Nb6 18. Qxd8 Rxd8 19. Na5 Bd7 20. f3 Nc4 21.
Nxc4 bxc4 22. Rfd1 Be6 23. Rxd8+ Rxd8 24. Be1 f5 25. Bc2 e4 26. fxe4 fxe4 27.
b3 cxb3 28. Bxb3 Bxb3 29. axb3 Rd3 30. Rc8+ Kh7 31. Kf2 Rxb3 32. Re8 Rb2+ 33.
Kf1 Rb1 34. Ke2 Rb2+ 35. Kf1 Ra2 36. Rxe4 a5 37. Re7 Kg6 38. Ra7 a4 39. Bb4 Be5
40. e4 Bxh2 41. Ra6+ Kh5 42. Bf8 Bg3 43. Bxh6 Rf2+ 0-1

[Event "Dortmund SuperGM"]
[Site "Dortmund"]
[Date "2001.07.21"]
[Round "9"]
[White "Adams, Michael"]
[Black "Morozevich, Alexander"]
[Result "0-1"]
[WhiteElo "2744"]
[BlackElo "2749"]
[Annotator "Ftacnik,L"]
[PlyCount "54"]
[EventDate "2001.07.12"]
[EventType "tourn"]
[EventRounds "10"]
[EventCountry "GER"]
[EventCategory "21"]
[SourceTitle "CBM 085"]
[Source "ChessBase"]
[SourceDate "2001.11.13"]
[SourceVersion "1"]
[SourceVersionDate "2001.11.13"]
[SourceQuality "1"]

1. e4 e6 2. d4 d5 3. Nd2 Be7 4. e5 c5 5. dxc5 Nc6 6. Ngf3 Bxc5 7. Nb3 Bb6 8.
Bd3 f6 9. Qe2 fxe5 10. Nxe5 Nf6 11. O-O $6 {This inaccuracy does not triger
tragic consequences, but black gets a chance to develop dangerous initiative.}
(11. Bb5 $5 Bd7 (11... Qd6 12. Bf4 Ne4 13. Bxc6+ bxc6 14. Qh5+ g6 15. Nxg6 $18)
12. Bxc6 bxc6 13. O-O $14) 11... Nxe5 12. Qxe5 O-O 13. Bg5 (13. Qg5 e5 $1 14.
Qxe5 Ng4 15. Qh5 g6 16. Bxg6 hxg6 17. Qxg6+ Kh8 18. h3 Qf6 19. Qxf6+ Nxf6 $17)
13... Bc7 14. Qd4 h6 (14... e5 15. Qh4 h6 16. Bd2 Ng4 17. Qxd8 Rxd8 18. h3 Nf6
19. Rfe1 $11) 15. Bh4 (15. Bf4 $5 Bb6 16. Qb4 Ng4 17. Bg3 e5 18. h3 e4 19. Be2
a5 20. Qa3 Nf6 21. Rad1 $14) 15... e5 16. Qc5 Be6 (16... a5 17. a4 g5 18. Bg3
Nh5 19. Rad1 Nxg3 20. Bc4 $3 Be6 (20... Nxf1 21. Rxd5 Qf6 22. Rd6+ Be6 23. Rxe6
Qxf2+ 24. Qxf2 Rxf2 25. Kxf2 $18) 21. hxg3 $16) 17. Rad1 Rc8 18. Qe3 (18. Qxa7
$5 b6 19. Qa4 e4 20. Bxe4 g5 21. Nd4 Qd7 22. Qxd7 Bxd7 23. Bxg5 hxg5 24. Bf5
$44) 18... e4 19. Bxe4 (19. Be2 Bb6 20. Qd2 Qe8 21. c3 Nh5 $15) 19... Bxh2+ 20.
Kh1 (20. Kxh2 Ng4+ 21. Kg1 Nxe3 22. Bxd8 Nxd1 23. Be7 Rxf2 24. Rxd1 Rf7 $19)
20... Qd6 $6 {Morozevich was surely overjoyed with the tactical potential of
his active position, but objectively this continuation is false.} (20... Ng4 $5
21. Bxd8 Nxe3 22. fxe3 Rxf1+ 23. Rxf1 dxe4 24. Kxh2 Bxb3 25. axb3 Rxd8 26. Rf4
$11) 21. Bxf6 Bf4 (21... Rxf6 22. Rfe1) 22. Qf3 $2 (22. Qxa7 $1 Rxf6 23. Qxb7
Rb8 24. Rxd5 $1 $16) 22... Rxf6 23. Bxd5 Be5 $3 (23... Bxd5 24. Rxd5 Qe7 25.
Nd4 $16) 24. Bxb7 (24. Bxe6+ Qxe6 25. Qxb7 Rxc2 26. Rde1 Rcxf2 27. Rxf2 Rxf2
28. Qxa7 Rf5 $17) 24... Qe7 $1 {[%mdl 64] Adams was not feeling the danger
clearly enough, but after this fine move the seriousness of the situation is
obvious.} (24... Rc4 $2 25. Rxd6 Rh4+ 26. Qh3 Bxh3 27. Rxf6 Bf5+ 28. Kg1 Bh2+
29. Kh1 Be5+ $11) 25. Qe4 (25. Qe2 Rf5 26. f4 Qxb7 27. fxe5 Bc4 28. Rd8+ Rxd8
29. Qxc4+ Qf7 30. Qxf7+ Rxf7 $17) (25. Bxc8 Rxf3 26. Bxe6+ Qxe6 $19) 25... Rf5
$1 26. Rfe1 (26. f4 Rc4 27. Qxf5 Bxf5 28. Bd5+ Be6 29. Bxc4 Bxc4 30. fxe5 Bxf1
31. Rxf1 Qxe5 $17) (26. Bxc8 Rh5+ 27. Kg1 Bh2+ 28. Kh1 Bf4+ 29. Kg1 Rh1+ 30.
Kxh1 Qh4+ $19) 26... Rf4 $1 27. Qe3 (27. Qxe5 Qh4+ 28. Kg1 Qxf2+ $19) (27. Qxf4
Bxf4 28. Bxc8 Qh4+ 29. Kg1 Qh2+ 30. Kf1 Bc4+ 31. Rd3 Qh1+ 32. Ke2 Qxg2 $17)
27... Rh4+ 0-1

[Event "FIDE GP+"]
[Site "Dubai"]
[Date "2002.04.07"]
[Round "4.4"]
[White "Topalov, Veselin"]
[Black "Karpov, Anatoly"]
[Result "0-1"]
[WhiteElo "2739"]
[BlackElo "2693"]
[Annotator "Lukacs,P"]
[PlyCount "58"]
[EventDate "2002.04.03"]
[EventType "k.o. (rapid)"]
[EventRounds "5"]
[EventCountry "UAE"]
[SourceTitle "CBM 089"]
[Source "ChessBase"]
[SourceDate "2002.08.12"]
[SourceVersion "1"]
[SourceVersionDate "2002.08.12"]
[SourceQuality "1"]

1. e4 c6 2. d4 d5 3. Nd2 dxe4 4. Nxe4 Nd7 5. Ng5 Ngf6 6. Bd3 e6 7. N1f3 Bd6 8.
Qe2 h6 9. Ne4 Nxe4 10. Qxe4 Qc7 11. Qg4 Kf8 12. O-O c5 13. b3 e5 14. dxc5 Nxc5
15. Bf5 h5 16. Qh3 e4 $5 {[%mdl 8] Karpov continues the theoretical dispute in
his pet-line.} (16... Ne6 {- Topalov-Karpov, Cannes NAO Masters 2002 CBM 88})
17. Nd4 $5 {This idea is connected with a nice positional exchange sacrifice.}
(17. Bxc8 exf3 18. Bf5 (18. b4 $6 Qxc8) 18... g6 19. Bb2 fxg2 20. Rfe1 (20.
Rfd1 Be5 $1 $17) 20... Rh7 21. Bd3 Nxd3 22. cxd3 Qc2 23. Bf6 Qc6 $13 {and
Black is OK.}) 17... Bxf5 (17... Be5 18. Bb2 Bxf5 19. Qxf5 Kg8 (19... Bxh2+ 20.
Kh1 Kg8 21. g3 $16 {and although Black can get a lot of pawns for the B,
White's active pieces will outweight them.}) 20. Kh1 $14) 18. Nxf5 Be5 19. Ba3
g6 ({accepting the exchange sacrifice} 19... Bxa1 20. Rxa1 Qe5 {is answered by}
21. Rd1 $44 {and it is hard to make a connection between the rooks.}) 20. Ne3 (
20. Rad1 $5 {is a very exciting positional piece sacrifice:} gxf5 21. Qxf5 Kg8
22. Qg5+ Kh7 (22... Kf8 23. Rd5 {with double ->}) 23. Rd5 $1 Bxh2+ 24. Kh1 Ne6
25. Qh4 $1 (25. Qf6 Kg8 26. Rg5+ Nxg5 27. Qxg5+ Kh7 28. Qxh5+ Kg8 29. Qg4+ Kh7
$11) 25... Ng7 (25... Nf4 26. Rf5 $14) 26. Qxh2 $14 {and the _|_ is better
because of White's << P majority, and the better B and R.}) 20... Kg7 (20...
Bxa1 21. Rxa1 $44) 21. Rae1 (21. Rad1 $14 {was still possible}) 21... Ne6 22.
Nc4 Ng5 (22... Nf4 23. Qh4 $14) 23. Qe3 $2 {This is a serious blunder.} ({
There was nothing wrong with the simple} 23. Qh4 Bf6 24. Bd6 $14) 23... Bxh2+
24. Kh1 Bf4 $17 {and Black is a healthy P up with a better position.} 25. Qc3+
f6 26. Bb2 Qc6 27. Rd1 Rhd8 28. Qa5 b6 29. Rxd8 bxa5 0-1

[Event "CHN Team"]
[Site "Wuxi"]
[Date "2016.07.31"]
[Round "5.1"]
[White "Yu, Yangyi"]
[Black "Xu, Jun"]
[Result "0-1"]
[WhiteElo "2734"]
[BlackElo "2534"]
[PlyCount "105"]
[EventDate "2016.07.28"]
[EventType "team-swiss"]
[EventRounds "9"]
[EventCountry "CHN"]
[SourceTitle "CBM 173 Extra"]
[Source "ChessBase"]
[SourceDate "2016.08.29"]
[SourceVersion "1"]
[SourceVersionDate "2016.08.29"]
[SourceQuality "1"]
[WhiteTeam "Beijing Beiao"]
[BlackTeam "Jiangsu Lvyang"]
[WhiteTeamCountry "CHN"]
[BlackTeamCountry "CHN"]

1. e4 c5 2. Nf3 d6 3. d4 cxd4 4. Nxd4 Nf6 5. Nc3 e6 6. Be3 a6 7. f3 b5 8. Qd2
Nbd7 9. g4 Nb6 10. a4 Nc4 11. Bxc4 bxc4 12. a5 Qc7 13. g5 Nd7 14. Kd1 Rb8 15.
Kc1 Nc5 16. Na4 Nxa4 17. Rxa4 Be7 18. Qc3 d5 19. Ne2 O-O 20. Bf4 Qc6 21. Rxc4
Qxc4 22. Qxc4 dxc4 23. Bxb8 Bxg5+ 24. Bf4 Be7 25. Bc7 f5 26. exf5 Rxf5 27. Nd4
Rd5 28. Rd1 Bf6 29. c3 Rc5 30. Bb6 Rh5 31. Nc6 Bb7 32. Rd6 Rxh2 33. Rxe6 h5 34.
Bc7 Rh1+ 35. Kc2 h4 36. Ne5 h3 37. Nxc4 Bd5 38. Re8+ Kh7 39. Nb6 Bxf3 40. Nd7
Bg5 41. Nf8+ Kh6 42. Ne6 Kg6 43. Nxg5 Kxg5 44. Kb3 Rg1 45. Rh8 Bh5 46. Ra8 Bf7+
47. Ka3 Ra1+ 48. Kb4 Ra2 49. b3 h2 50. Bxh2 Rxh2 51. Rxa6 Bd5 52. c4 Bxc4 53.
Kxc4 0-1

[Event "TUR-chT"]
[Site "Kocaeli"]
[Date "2014.08.23"]
[Round "7.2"]
[White "Harikrishna, Pentala"]
[Black "Grachev, Boris V"]
[Result "0-1"]
[WhiteElo "2725"]
[BlackElo "2672"]
[PlyCount "80"]
[EventDate "2014.08.18"]
[EventType "team-tourn"]
[EventRounds "13"]
[EventCountry "TUR"]
[SourceTitle "CBM 162 Extra"]
[Source "ChessBase"]
[SourceDate "2014.10.17"]
[SourceVersion "1"]
[SourceVersionDate "2014.10.17"]
[SourceQuality "1"]
[WhiteTeam "Istanbul Teknik Universitesi"]
[BlackTeam "Akdeniz Belediyesi"]
[WhiteTeamCountry "TUR"]
[BlackTeamCountry "TUR"]

1. e4 c5 2. Nf3 e6 3. b3 b6 4. d4 cxd4 5. Nxd4 Bb7 6. Bd3 Bc5 7. c3 Nc6 8. Nf3
Nge7 9. b4 Bd6 10. Nbd2 Ng6 11. O-O O-O 12. Re1 Nce5 13. Bf1 Rc8 14. Bb2 f5 15.
Nxe5 Bxe5 16. exf5 Rxf5 17. Re3 Qc7 18. Nf3 Bxf3 19. Rxf3 Bxh2+ 20. Kh1 Rcf8
21. Be2 Rxf3 22. Bxf3 Ne5 23. Be4 Rxf2 24. c4 Ng6 25. Bxg6 hxg6 26. Qd4 Rxb2
27. Rf1 Be5 28. Qe4 Qb8 29. Qxg6 Bf4 30. Qe4 Bh6 31. Rf3 Rd2 32. Kg1 Qe8 33.
Rh3 Rd1+ 34. Kf2 Qf8+ 35. Rf3 Qd8 36. c5 bxc5 37. bxc5 Rd5 38. Qb4 Qg5 39. Qb8+
Kh7 40. Qb1+ Qg6 0-1

[Event "EU-ch Internet fin"]
[Site "playchess.com INT"]
[Date "2003.11.09"]
[Round "4.1"]
[White "Adams, Michael"]
[Black "Bacrot, Etienne"]
[Result "0-1"]
[WhiteElo "2719"]
[BlackElo "2645"]
[PlyCount "92"]
[EventDate "2003.11.09"]
[EventType "k.o. (blitz)"]
[EventRounds "5"]
[EventCountry "GER"]
[SourceTitle "EXT 2004"]
[Source "ChessBase"]
[SourceDate "2003.11.25"]
[SourceVersion "1"]
[SourceVersionDate "2003.11.25"]
[SourceQuality "1"]

1. e4 e5 2. Nf3 d6 3. d4 exd4 4. Nxd4 Nf6 5. Nc3 Be7 6. Be2 O-O 7. O-O Re8 8.
Re1 Bf8 9. Bf1 Nbd7 10. b3 Nc5 11. f3 d5 12. exd5 Rxe1 13. Qxe1 Nxd5 14. Nxd5
Qxd5 15. Bb2 Bd7 16. Rd1 Qh5 17. Ne2 Bd6 18. Ng3 Qh6 19. Qd2 Bf4 20. Qc3 Be6
21. Bc4 Re8 22. Nf1 Bd6 23. Bc1 Qg6 24. Be3 b6 25. Bf2 Bf5 26. Bb5 c6 27. Bxc6
Rc8 28. Bd5 Nd3 29. Qxc8+ Bxc8 30. Rxd3 Bf5 31. Rc3 Qf6 32. Rc4 h5 33. Be4 Bxe4
34. fxe4 Qa1 35. a4 Bxh2+ 36. Kxh2 Qxf1 37. Bg3 g5 38. Be5 f6 39. Rc8+ Kf7 40.
Bb8 a6 41. Rc7+ Ke8 42. Rc6 h4 43. Rxb6 g4 44. a5 h3 45. gxh3 Qf2+ 46. Kh1 gxh3
0-1